ਤਾਰਿਆਂ ਦਾ ਕਾਫ਼ਲਾ : (Record no. 110632)

MARC details
000 -LEADER
fixed length control field 01020nam a22002537a 4500
005 - DATE AND TIME OF LATEST TRANSACTION
control field 20170123164155.0
010 ## - LIBRARY OF CONGRESS CONTROL NUMBER
LC control number A-977794
020 ## - INTERNATIONAL STANDARD BOOK NUMBER
Terms of availability 100.00
International Standard Book Number 81732989
035 ## - SYSTEM CONTROL NUMBER
System control number A-977794
037 ## - SOURCE OF ACQUISITION
Source of stock number/acquisition Cen Lib / Ret
040 ## - CATALOGING SOURCE
Original cataloging agency DPL
Language of cataloging PN
082 ## - DEWEY DECIMAL CLASSIFICATION NUMBER
Classification number 854
Item number ਦਓਲ
100 ## - MAIN ENTRY--PERSONAL NAME
Personal name ਦਓਲ, ਹਰਭਜਨ ਸਿੰਘ
9 (RLIN) 5807
245 ## - TITLE STATEMENT
Title ਤਾਰਿਆਂ ਦਾ ਕਾਫ਼ਲਾ :
Statement of responsibility, etc ਹਰਭਜਨ ਸਿੰਘ ਦਓਲ
Remainder of title ਰੇਖਾਚਿੱਤਰ /
246 ## - VARYING FORM OF TITLE
Title proper/short title Tarian da kafla : Character sketches /
Remainder of title by Harbhajan Singh Deol
260 ## - PUBLICATION, DISTRIBUTION, ETC. (IMPRINT)
Place of publication, distribution, etc ਦਿੱਲੀ
Name of publisher, distributor, etc ਸ਼ਿਲਾਲੇਖ
Date of publication, distribution, etc 2000
270 ## - ADDRESS
Address 4/32 ਸੁਭਾਸ਼ ਗਲੀ ਵਿਸ਼ਵਾਸ ਨਗਰ ਸ਼ਾਹਦਰਾ
City ਦਿੱਲੀ
Postal code 110032
300 ## - PHYSICAL DESCRIPTION
Extent 104p.
Dimensions 23cm(Hb)
650 ## - SUBJECT ADDED ENTRY--TOPICAL TERM
Topical term or geographic name as entry element ਪੰਜਾਬੀ ਸਾਹਿਤ
9 (RLIN) 140717
650 ## - SUBJECT ADDED ENTRY--TOPICAL TERM
Topical term or geographic name as entry element ਪੰਜਾਬੀ- ਧਰਮ
9 (RLIN) 1301
650 ## - SUBJECT ADDED ENTRY--TOPICAL TERM
Topical term or geographic name as entry element Punjabi Literature
9 (RLIN) 140718
650 ## - SUBJECT ADDED ENTRY--TOPICAL TERM
Topical term or geographic name as entry element Punjabi-religion
9 (RLIN) 9921
942 ## - ADDED ENTRY ELEMENTS (KOHA)
Source of classification or shelving scheme Dewey Decimal Classification
Koha item type Punjabi Bks
Classification part 854
Call number suffix ਦਓਲ
Holdings
Withdrawn status Lost status Damaged status Not for loan Home library Current library Date acquired Source of acquisition Cost, normal purchase price Total Checkouts Full call number Barcode Date last seen Copy number Cost, replacement price Price effective from Koha item type
        Central Library Central Library 05/02/2016 Cen Lib/Ret 100.00   854 ਦਓਲ A-977794 05/02/2016 1 100.00 05/02/2016 Punjabi Bks

© Delhi Public Library
Hit Counter
free hit counter